| 000 | 00692nam a2200205 i 4500 | ||
|---|---|---|---|
| 001 | 78365 | ||
| 003 | ES-MaACL | ||
| 005 | 20230906173654.0 | ||
| 007 | t| | ||
| 008 | 041014s1967 sp ||||1| spa d | ||
| 080 | _a728.11 | ||
| 100 | 1 |
_aHassenpflug, Gustav. _962054 |
|
| 245 | 1 | 0 |
_aNuevos bloques de viviendas : _bbloques laminares casas-torre, casas escalonadas / _cGustav Hassenpflug, Paulhans Peters ; [traducción de José Manuel Ordas]. |
| 260 |
_aBarcelona : _bGustavo Gili, _c[1967] |
||
| 300 |
_a214 p., 77 lám. : _bil. ; _c27 cm. |
||
| 650 |
_aViviendas. _917841 |
||
| 700 | 1 |
_aPeters, Paulhans. _991474 |
|
| 700 | 1 |
_aOrdas, José Manuel. _987170 |
|
| 852 | 4 |
_aES-MaACL _jC-34323 |
|
| 999 |
_c78365 _d78365 |
||